000 00390pab a2200145 454500
008 180718b1984 xxu||||| |||| 00| 0 eng d
100 _aBanerji, Arun
245 _aBritish rule and the Indian economy
_bAgenda for fresh searches
260 _c1984
300 _a1273-84
362 _aAug.
650 _aBalance of Payments - India
773 _aEconomy and Political Weekly
909 _a4171
999 _c4171
_d4171